000 01191nam a2200313 i 4500
003 EG-GICUC
005 20260121101544.0
008 251228s1997 ua ||||fr|||| 000 0 ara d
040 _a EG-GICUC
_bara
_c EG-GICUC
_d EG-GICUC
_erda
041 0 _aara
082 0 4 _221
_a343.431
_bع ب .د
092 0 4 _221
099 _aLaw1 10 343.431 ع ب .د 1997
100 0 _aعبد الكريم ابو الفتوح درويش
_eمؤلف.
245 1 0 _aدراسات في مكافحة الإرهاب /
_cعبد الكريم ابو الفتوح درويش.
264 1 _aالقاهرة:
_b[الناشر غير محدد]،
_c1997.
300 _a115 ؛ صفحة
_c24 سم.
_bإيضاحيات، صور، مثيليات ؛
336 _2rda content
_atext
337 _2rda media
_aComputer
338 _2rda carrier
_aOnline Resource
504 _a. 240-220 ببليوجرافيا: صفحات.
546 _aالنص باللغة العربية
650 1 4 _aالتشريع الخاص بالإرهاب
_2qrmak
650 1 4 _aالقانون الجنائي
_2qrmak
651 1 _2qrmak
856 4 0 _uhttps://fll.law.cu.edu.eg/fulltext/bks/B10-06216.pdf
905 _a77
942 _2ddc
_cBK
_e21
_n0
999 _c52937
_d52937